| 000 | 00361nam a22001457a 4500 | ||
|---|---|---|---|
| 020 | _a9788177587708 | ||
| 082 | _a005.43 BAC | ||
| 100 | _aBach, Maurice J. | ||
| 245 | _aThe design of the UNIX operating system | ||
| 260 |
_aNew Delhi _bPearson education _c2006 |
||
| 300 | _a481p. : | ||
| 650 | _aUNIX (Computer file) | ||
| 700 | _aMaurice J.Bach | ||
| 942 | _cBK | ||
| 999 |
_c11571 _d11571 |
||